Vigotsky y el aprendizaje escolar /
Guardado en:
| Autor Principal: | |
|---|---|
| Formato: | Libro |
| Publicado: |
Buenos Aires :
Aique,
1996
|
| Series: | Psicolog¡a cognitiva y educación / dirigida por Mario Carretero
|
| Materias: | |
| Etiquetas: |
Agregar Etiqueta
Sin Etiquetas, Sea el primero en etiquetar este registro!
|
| LEADER | 00792nam a22002295a 4500 | ||
|---|---|---|---|
| 001 | CEM.cems009257 | ||
| 005 | 20090408104248.0 | ||
| 008 | 130507s1996##################000#0#####d | ||
| 003 | CEMS | ||
| 020 | |a 9507013334 | ||
| 082 | 0 | 4 | |a 371 |
| 100 | 1 | |a Baquero, Ricardo | |
| 245 | 1 | 0 | |a Vigotsky y el aprendizaje escolar / |c Ricardo Vaquero |
| 260 | |a Buenos Aires : |b Aique, |c 1996 | ||
| 300 | |a 255 p. | ||
| 490 | 0 | |a Psicolog¡a cognitiva y educación / dirigida por Mario Carretero | |
| 505 | 0 | |a La teoría socio-histórica -- La teoría socio-histórica y la educación -- Connotaciones de la obra de Vigotsky para la educación | |
| 653 | |a Aprendizaje | ||
| 653 | |a Educación | ||
| 653 | |a Psicología cognitiva | ||
| 653 | |a Vigotsky | ||
| 859 | |a CEMS |b BIB. CEMS - 11 de abril |h 371 |i B229 |p 18903.96 |t Ej.1 | ||
